Detalles MARC
| 000 -LIDER |
| fixed length control field |
01607nam a2200337 a 4500 |
| 001 - NÚMERO DE CONTROL |
| Identificador de número de control |
000000324 |
| 003 - IDENTIFICACDOR DE NÚMERO DE CONTROL |
| control field |
DO-SdBNP |
| 005 - DATE AND TIME OF LATEST TRANSACTION |
| control field |
20171006081015.0 |
| 007 - CAMPOS FIJOS DE DESCRIPCIÓN FÍSICA |
| fixed length control field |
000000324 |
| 008 - ELEMENTOS DE LONGITUD FIJA |
| fixed length control field |
081112s2008 dr ac 001 0 spa d |
| 020 ## - ISBN |
| International Standard Book Number |
9789945408171 |
| 020 ## - ISBN |
| International Standard Book Number |
9945408178 |
| 040 ## - FUENTE DE CATALOGACIÓN |
| Agencia que crea de manera original el registro |
BPMSU |
| Idioma de catalogación |
spa |
| Agencia que realiza la transcripción |
BPMSU |
| 082 #4 - NÚMERO DE CLASIFICACIÓN DECIMAL DE DEWEY |
| Classification number |
781.63 |
| Item number |
C117j |
| 100 1# - ASIENTO PRINCIPAL -- NOMBRE PERSONAL |
| Nombre personal |
Cabral, Euri |
| 245 10 - MENCIÓN DE TITULO |
| Título |
Juan Luis Guerra y 4-40 : |
| Subtítulo |
merengue y bachata a ritmo de poesỉa y compromiso / |
| Mención de responsabilidad |
Euri Cabral. |
| 260 ## - PUBLICACIÓN, DISTRIBUCIÓN, ETC. (PIE DE IMPRENTA) |
| Lugar de publicación, distribución, etc |
Santo Domingo : |
| Nombre del editor, distribuidor, etc. |
Búho, |
| Fecha de publicación, distribución, etc |
2008. |
| 300 ## - DESCRIPCIÓN FÍSICA |
| Extensión |
367 p. : |
| Otros detalles físicos |
il , retr. ; |
| Dimensiones |
24 cm. |
| 504 ## - NOTA DE BIBLIOGRAFÍA, ETC. |
| Bibliography, etc |
Incluye referencias bibliográficas e índice de citas. |
| 505 0# - NOTA DE CONTENIDO |
| Título |
Prólogo -- |
| Información miscelánea |
Capítulo 1. |
| Título |
Apuntes sobre el merengue y la bachata |
| Información miscelánea |
Capítulo 2. |
| Título |
Notas biográficas de Juan Luis Guerra -- |
| Información miscelánea |
Capítulo 3. |
| Título |
El preludio del éxito -- |
| Información miscelánea |
Capítulo 4. |
| Título |
La carrera sin retorno del triunfo -- |
| Información miscelánea |
Capítulo 5. |
| Título |
La consolidación mundial de Juan Luis Guerra -- |
| Información miscelánea |
Capítulo 6. |
| Título |
El éxito continúa caminando por el mundo -- |
| Información miscelánea |
Capítulo 7. |
| Título |
El encuentro definitivo con Dios -- |
| Información miscelánea |
Capítulo 8. |
| Título |
Los nuevos senderos del éxito -- |
| Información miscelánea |
Capítulo 9. |
| Título |
La trascendencia histórica de Juan Luis Guerra -- |
| -- |
Citas -- |
| -- |
Bibliografía. |
| 600 14 - ENCABEZAMIENTO DE MATERIA--NOMBRE PERSONAL |
| Nombre personal |
GUERRA, JUAN LUIS, |
| Fechas asociadas con el nombre |
1957- |
| 650 #4 - ENCABEZAMIENTO DE MATERIA--TEMÁTICO |
| Término temático o nombre geográfico como elemento de entrada |
MÚSICA POPULAR DOMINICANA |
| Subdivisión temática general |
HISTORIA Y CRÍTICA |
| 650 #4 - ENCABEZAMIENTO DE MATERIA--TEMÁTICO |
| Término temático o nombre geográfico como elemento de entrada |
MÚSICA POPULAR |
| Subdivisión temática general |
DISCOGRAFÍA |
| 650 #4 - ENCABEZAMIENTO DE MATERIA--TEMÁTICO |
| Término temático o nombre geográfico como elemento de entrada |
MERENGUE (MÚSICA) |
| 650 #4 - ENCABEZAMIENTO DE MATERIA--TEMÁTICO |
| Término temático o nombre geográfico como elemento de entrada |
BACHATA (MÚSICA) |
| 650 #4 - ENCABEZAMIENTO DE MATERIA--TEMÁTICO |
| Término temático o nombre geográfico como elemento de entrada |
MÚSICA BAILABLE DOMINICANA |
| 910 ## - VALIDACIÓN |
| Validación |
Validado. Control de calidad BNPHU |
| 942 ## - ADDED ENTRY ELEMENTS (KOHA) |
| Source of classification or shelving scheme |
Dewey Decimal Classification |
| Koha item type |
Libros |
| 945 ## - INFORMACIÓN DE PROCESAMIENTO LOCAL |
| Información de procesamiento local |
Inventariado / 2017 VM |
| 956 ## - LOCAL ELECTRONIC LOCATION AND ACCESS (OCLC) |
| Nombre de host |
VMATEO |
| Número de acceso |
10 |
| Información de compresión |
20150807 |
| Inicio de sesión |
BPMSU |
| Procesador de solicitud |
00151 |